Compendium of fisheries and aquaculture development in the Asia Pacific region (Record no. 24208)
[ view plain ]
| 000 -LEADER | |
|---|---|
| fixed length control field | 00302nam a2200109Ia 4500 |
| 082 ## - DEWEY DECIMAL CLASSIFICATION NUMBER | |
| Classification number | 639.8 |
| Item number | KAU/CO |
| 100 ## - MAIN ENTRY--PERSONAL NAME | |
| Personal name | KAU |
| 245 ## - TITLE STATEMENT | |
| Title | Compendium of fisheries and aquaculture development in the Asia Pacific region |
| 260 ## - PUBLICATION, DISTRIBUTION, ETC. (IMPRINT) | |
| Place of publication, distribution, etc | Panangad |
| Name of publisher, distributor, etc | College of Fisheries |
| Date of publication, distribution, etc | 2011 |
| 546 ## - LANGUAGE | |
| Language note | English |
| 942 ## - ADDED ENTRY ELEMENTS (KOHA) | |
| Source of classification or shelving scheme | Dewey Decimal Classification |
| Koha item type | Report |
| Lost status | Source of classification or shelving scheme | Damaged status | Not for loan | Collection code | Home library | Current library | Shelving location | Date acquired | Total Checkouts | Full call number | Barcode | Date last seen | Koha item type |
|---|---|---|---|---|---|---|---|---|---|---|---|---|---|
| Dewey Decimal Classification | Reports | KAU Central Library, Thrissur | KAU Central Library, Thrissur | Reports | 18/03/2014 | 639.8 KAU/CO | 806414 | 18/03/2014 | Report |
